Fundamentos de Medicina. (Registro nro. 324)

Detalles MARC
000 -LEADER
fixed length control field 01651 am a2200433 a 4500
005 - FECHA ULTIMA MODIFICACION
control field 20240627114130.0
008 - CAMPO DE CONTROL (LIBRO)
fixed length control field 100518s1986||||ck d f |||| 001 0 spa d
020 ## - INTERNATIONAL STANDARD BOOK NUMBER
ISBN S/N
041 ## - CODIGO DE IDIOMA
Código de idioma del texto/pista de sonido o título separado spa
092 ## - SIGNATURA TOPOGRAFICA DEWEY LOCAL
número de clasificación 616.2
libristica 73
sección RES
100 1# - ENTRADA PRINCIPAL--NOMBRE PERSONAL
Nombre personal Restrepo Molina, Jorge.
9 (RLIN) 598
245 ## - TITULO PROPIAMENTE DICHO
Título Fundamentos de Medicina.
Subtítulo y Título paralelo Neumología /
Mención de responsabilidad y remanente de la transcripción de la portada Jorge Restrepo Molina
250 ## - MENCION DE EDICION
Mención de edición 3a ed.
260 ## - PIE DE IMPRENTA
Lugar de publicación, distribución, etc Medellin [Colombia]:
Nombre de la editorial, distribuidor, etc CIB Corporación para investigaciones biológicas;
Fecha de publicación 1986.
300 ## - DESCRIPCION FISICA
Extension 646 p.
500 ## - NOTA GENERAL
Nota general Restrepo Molina, J. y Maldonado Gómez, D. (1986). Fundamentos de Medicina. Neumología. (3a ed.). Medellin : CIB Corporación para investigaciones biológicas.
653 ## - TÉRMINO INDIZADO - PALABRAS CLAVES
Palabra clave Morfología del sistema pulmonar
653 ## - TÉRMINO INDIZADO - PALABRAS CLAVES
Palabra clave Fisiología pulmonar
653 ## - TÉRMINO INDIZADO - PALABRAS CLAVES
Palabra clave Paciente con enfermedad respiratoria y procedimientos diagnósticos
653 ## - TÉRMINO INDIZADO - PALABRAS CLAVES
Palabra clave Enfermedad pulmonar obstructiva crónica (EPOC)
653 ## - TÉRMINO INDIZADO - PALABRAS CLAVES
Palabra clave Disfunción de las vías aéreas terminales (VAT)
653 ## - TÉRMINO INDIZADO - PALABRAS CLAVES
Palabra clave Asma
653 ## - TÉRMINO INDIZADO - PALABRAS CLAVES
Palabra clave Enfermedad pulmonar intersticial difusa (EPID)
653 ## - TÉRMINO INDIZADO - PALABRAS CLAVES
Palabra clave Trastornos circulatorios del pulmón
653 ## - TÉRMINO INDIZADO - PALABRAS CLAVES
Palabra clave Insuficiencia respiratoria aguda
653 ## - TÉRMINO INDIZADO - PALABRAS CLAVES
Palabra clave Enfermedades de los bronqios, traquea y laringe
653 ## - TÉRMINO INDIZADO - PALABRAS CLAVES
Palabra clave Tumores del pulmón
653 ## - TÉRMINO INDIZADO - PALABRAS CLAVES
Palabra clave Enfermedades de la pleura
653 ## - TÉRMINO INDIZADO - PALABRAS CLAVES
Palabra clave Enfermedades del mediastino y del diafragma
653 ## - TÉRMINO INDIZADO - PALABRAS CLAVES
Palabra clave Enfermedades producidas por micobacterias
653 ## - TÉRMINO INDIZADO - PALABRAS CLAVES
Palabra clave Micosis pulmonares
653 ## - TÉRMINO INDIZADO - PALABRAS CLAVES
Palabra clave Neumonias
653 ## - TÉRMINO INDIZADO - PALABRAS CLAVES
Palabra clave Inmunosupresión y neumonia
653 ## - TÉRMINO INDIZADO - PALABRAS CLAVES
Palabra clave Terapia respiratoria
700 1# - ENTRADAS SECUNDARIAS - NOMBRE PERSONAL
Nombre personal Maldonado Gómez, Dario.
9 (RLIN) 599
930 ## - NUMERO DE INVENTARIO
Número de inventario 272
930 ## - NUMERO DE INVENTARIO
Número de inventario 2107
942 ## - ADDED ENTRY ELEMENTS (KOHA)
Source of classification or shelving scheme Dewey Decimal Classification
Item type Libros
Existencias
Estado de retiro Existencia Fuente de clasificación Estado general No para prestamo Colección Ubicación permanente ubicación actual Sala de ubicación Fecha de adquisición Total Checkouts Número de clasificación Código de barras Date last seen Número de ejemplar Price effective from Koha tipo de elemento (item) Public note Date last borrowed
    Dewey Decimal Classification     Reference Biblioteca Medicina Biblioteca Medicina Referencia 13/05/2011   616.2 73 RES 272 06/11/2014 ej.1 13/05/2011 Reference LIBRO DE CONSULTA  
            Biblioteca Medicina Biblioteca Medicina Circulación 13/05/2011 3 616.2 73 RES 2107 31/08/2015 ej.2 13/05/2011 Libros   28/08/2015

UNIVERSIDAD NACIONAL DEL COMAHUE
Biblioteca de la Facultad de Ciencias Médicas
Sede Toschi: Los Arrayanes y Av. Toschi, Cipolletti  - Rio Negro
Sede Los Tordos:  Yrigoyen al 2211, Cipolletti - Rio Negro 

Teléfono: 0299 - 4774707 int 25
Contacto: biblioteca@facimed.uncoma.edu.ar
© 2011 - 2026